El lecturón II. La máquina de hacer lectores
Saved in:
| Main Author: | |
|---|---|
| Other Authors: | , |
| Format: | Book |
| Language: | Spanish |
| Published: |
Buenos Aires, Argentina
El Hacedor- Quipu
2015
|
| Edition: | 2a. ed |
| Subjects: | |
| Tags: |
Add Tag
No Tags, Be the first to tag this record!
|
MARC
| LEADER | 00000cam a2200000 a 4500 | ||
|---|---|---|---|
| 001 | UCC8356 | ||
| 003 | CL-VaPUC | ||
| 005 | 20230627093313.0 | ||
| 008 | 190621e20150000ag |||||||||||||||||spa|d | ||
| 999 | |c 374702 |d 374700 | ||
| 020 | |a 9789875040618 | ||
| 040 | |c Pontificia Universidad Católica de Valparaíso | ||
| 082 | 0 | 4 | |a 370.15 ALV 2015 |2 21 |
| 100 | 0 | |a Alvarado, Maite |e author |9 603035 | |
| 245 | 1 | 3 | |a El lecturón II. |b La máquina de hacer lectores |
| 250 | |a 2a. ed | ||
| 260 | |a Buenos Aires, Argentina |b El Hacedor- |b Quipu |c 2015 | ||
| 300 | |a 141 páginas | ||
| 583 | |a last modification |c 20190710 09:23:42 |k Rodrigo Vera | ||
| 650 | 0 | |a Fomento de la lectura |9 550607 | |
| 650 | 0 | |a Lectores |9 367970 | |
| 650 | 0 | |a Métodos de enseñanza |9 270413 | |
| 700 | |a Bianki, Diego |e ilustrador |9 856968 | ||
| 700 | |a Mosquera, Martín |e ilustrador |9 856969 | ||
| 852 | |a BIBEDU | ||
| 942 | |c BK |2 ddc | ||
| 945 | |d 20190621 12:31:00 |a dcastane | ||
| 952 | |0 0 |1 0 |2 ddc |3 erb |4 0 |6 370_150000000000000_ALV_2015 |7 0 |8 A |9 493386 |a BIBEDU |b BIBEDU |d 2019-06-19 |e 40 |g 20562.00 |i 5553431 |o 370.15 ALV 2015 |p 5553431 |r 2019-11-24 |v 20562.00 |w 2019-11-24 |y BK |z Catalogado en:20190621 |k LIT | ||